[Event "Barcelona Sant Marti op-B 23rd"]
[Site "Barcelona"]
[Date "2023.07.19"]
[Round "7"]
[White "Pons Camacho, Marc"]
[Black "Arjona Bereza, Ivan"]
[Result "1/2-1/2"]
[WhiteElo "1699"]
[BlackElo "1344"]
[PlyCount "96"]
[EventDate "2023.07.13"]
[EventType "swiss"]
[EventRounds "9"]
[EventCountry "ESP"]
[SourceTitle "CBM 215 Extra"]
[Source "ChessBase"]
[SourceDate "2023.09.30"]
[SourceVersion "1"]
[SourceVersionDate "2023.09.30"]
[SourceQuality "1"]

1. e4 e6 2. d4 d5 3. exd5 exd5 4. Nf3 Bf5 5. Bd3 Qd7 6. Bf4 Nf6 7. Bxf5 Qxf5 8. Bxc7 Qe6+ 9. Be5 Bd6 10. Qe2 0-0 11. 0-0 Nc6 12. c3 Nd7 13. Re1 Rfe8 14. Kf1 Ndxe5 15. Nxe5 Nxe5 16. dxe5 Qxe5 17. Qxe5 Bxe5 18. h3 d4 19. cxd4 Bxd4 20. Rxe8+ Rxe8 21. Nc3 f6 22. Rd1 Bxc3 23. bxc3 Rc8 24. Rc1 Kf7 25. Ke2 Ke6 26. Kd3 Rc5 27. Re1+ Kd7 28. Re2 b5 29. Rb2 Kc6 30. Re2 Rd5+ 31. Kc2 Re5 32. Rxe5 fxe5 33. Kd3 Kd5 34. f3 h5 35. h4 g6 36. g4 a6 37. gxh5 gxh5 38. Kc2 Ke6 39. Kd3 Kf5 40. Ke3 a5 41. a3 a4 42. Ke2 Kf4 43. Kf2 e4 44. fxe4 Kxe4 45. Ke2 Kf4 46. Kf2 Kg4 47. Ke3 Kxh4 48. Kf4 Kh3 1/2-1/2

[Event "Barcelona Sant Marti op-B 23rd"]
[Site "Barcelona"]
[Date "2023.07.17"]
[Round "5"]
[White "Pons Camacho, Marc"]
[Black "Arjona Bereza, Roman"]
[Result "1-0"]
[WhiteElo "1699"]
[BlackElo "1356"]
[PlyCount "73"]
[EventDate "2023.07.13"]
[EventType "swiss"]
[EventRounds "9"]
[EventCountry "ESP"]
[SourceTitle "CBM 215 Extra"]
[Source "ChessBase"]
[SourceDate "2023.09.30"]
[SourceVersion "1"]
[SourceVersionDate "2023.09.30"]
[SourceQuality "1"]

1. d4 d5 2. Nf3 Nc6 3. e3 Bf5 4. a3 e6 5. c4 Nf6 6. Nc3 Bd6 7. h3 e5 8. dxe5 Bxe5 9. Nxe5 Nxe5 10. cxd5 Qd6 11. Be2 0-0-0 12. 0-0 Nxd5 13. Nxd5 Qxd5 14. b4 Qe6 15. Qa4 Nc6 16. Bf3 Be4 17. Bg4 f5 18. Be2 Rd6 19. f3 Bd3 20. Bxd3 Rxd3 21. b5 Nb8 22. Qxa7 g5 23. Qc5 Rd5 24. Qc4 Qe5 25. Rb1 Rc5 26. Qe2 f4 27. Bb2 Qd5 28. Bxh8 fxe3 29. Qxe3 b6 30. a4 h5 31. Rbc1 Rxc1 32. Rxc1 g4 33. fxg4 hxg4 34. hxg4 Qg8 35. Qf4 Qh7 36. g5 Nd7 37. Qxc7# 1-0

[Event "Barcelona Sant Marti op-B 23rd"]
[Site "Barcelona"]
[Date "2023.07.16"]
[Round "4"]
[White "Rodriguez Batuecas, Jordi"]
[Black "Pons Camacho, Marc"]
[Result "1-0"]
[WhiteElo "1487"]
[BlackElo "1699"]
[PlyCount "117"]
[EventDate "2023.07.13"]
[EventType "swiss"]
[EventRounds "9"]
[EventCountry "ESP"]
[SourceTitle "CBM 215 Extra"]
[Source "ChessBase"]
[SourceDate "2023.09.30"]
[SourceVersion "1"]
[SourceVersionDate "2023.09.30"]
[SourceQuality "1"]

1. d4 Nf6 2. Nf3 d5 3. e3 e6 4. Bd3 c5 5. c3 Nc6 6. a3 Bd7 7. Nbd2 Qc7 8. 0-0 Be7 9. Qe2 cxd4 10. cxd4 a6 11. b4 0-0 12. Bb2 Bd6 13. Rac1 Qb8 14. e4 dxe4 15. Nxe4 Nxe4 16. Bxe4 Ne7 17. Bb1 Bb5 18. Bd3 Bxd3 19. Qxd3 Qd8 20. Rfe1 Ng6 21. g3 Ne7 22. Re4 Ng6 23. Rce1 Rc8 24. h4 Qf6 25. Bc1 h6 26. h5 Ne7 27. Rg4 Qf5 28. Qxf5 Nxf5 29. Nh4 Nxh4 30. Rxh4 b5 31. Rg4 Kh7 32. Kg2 Rc4 33. Rge4 Rfc8 34. Bb2 Bb8 35. f4 Ba7 36. Kf3 Kg8 37. g4 Rc2 38. R1e2 Kf8 39. g5 Rxe2 40. Rxe2 hxg5 41. fxg5 Rd8 42. Ke4 Rd5 43. Rg2 Kg8 44. h6 g6 45. Bc3 Bb6 46. Rg1 Bd8 47. Bd2 Kh7 48. Rf1 Kg8 49. Bf4 Rf5 50. h7+ Kxh7 51. Rh1+ Kg7 52. Be5+ Kf8 53. Rh8+ Ke7 54. Bf6+ Rxf6 55. gxf6+ Kd7 56. Rf8 Bxf6 57. Rxf7+ Be7 58. Ke5 g5 59. Rg7 1-0